<The> logic of violence in civil war

Salvato in:
Dettagli Bibliografici
Autore principale: Kalyvas, Stathis N.
Natura: Libro
Lingua:inglese
Pubblicazione: New York Cambridge University Press 2009
Serie:Cambridge studies in comparative politics
Soggetti:
Tags: Aggiungi Tag
Nessun Tag, puoi essere il primo ad aggiungerne!!

MARC

LEADER 00000nam a2200000 4500
001 0121547
005 20240306135812.0
020 |a 978-0-521-67004-3 
041 0 |a eng 
044 |a US 
245 1 0 |a <The> logic of violence in civil war  |c Stathis N. Kalyvas 
264 1 |a New York  |b Cambridge University Press  |c 2009 
300 |a 485 s. 
490 1 |a Cambridge studies in comparative politics 
830 0 |a Cambridge studies in comparative politics 
610 2 0 |a vojny 
610 2 0 |a obyvateľstvo 
610 2 0 |a konflikty 
610 2 0 |a hnutie revolučné 
610 2 0 |a problémy spoločenské 
610 2 0 |a boj politický 
610 2 0 |a boj triedny 
610 2 0 |a konflikty medzinárodné 
100 1 |a Kalyvas, Stathis N.